000 00383 a2200169 4500
001 190626
020 _a978-85-377-1066-1
040 _cMagnum
100 _aSouza, Alexandre Barbosa de
240 1 0 _aMoby Dick
_lpor
245 1 0 _aMoby Dick
300 _a70
362 0 _a2009
440 1 _aEscala Educacional
697 _aLITERATURA INFANTO-JUVENIL ESTRANGEIRA
942 _cBK
999 _c190626
_d190626